[Event "IBCA-ol blind 15th"]
[Site "Ohrid"]
[Date "2017.06.25"]
[Round "6.2"]
[White "Kishan, Gangolli"]
[Black "Wassin, Sergej"]
[Result "0-1"]
[WhiteElo "1964"]
[BlackElo "2289"]
[PlyCount "46"]
[EventDate "2017.06.19"]
[EventType "team-swiss"]
[EventRounds "9"]
[EventCountry "MKD"]
[SourceTitle "CBM 179 Extra"]
[Source "ChessBase"]
[SourceDate "2017.08.23"]
[SourceVersion "1"]
[SourceVersionDate "2017.08.23"]
[SourceQuality "1"]
[WhiteTeam "India"]
[BlackTeam "Ukraine"]
[WhiteTeamCountry "IND"]
[BlackTeamCountry "UKR"]

1. d4 Nf6 2. Nf3 g6 3. g3 c5 4. c3 Qc7 5. Bg2 Bg7 6. 0-0 0-0 7. Bf4 d6 8. a4 b6 9. Na3 Bb7 10. Qd3 Nbd7 11. Rfe1 Be4 12. Qd2 Qb7 13. Bh6 Rad8 14. Qg5 Qd5 15. Bxg7 Kxg7 16. Qxd5 Nxd5 17. Nd2 Bxg2 18. Kxg2 cxd4 19. cxd4 Rc8 20. Rec1 a6 21. Nf3 Nb4 22. Rxc8 Rxc8 23. Re1 Rc7 0-1

[Event "IBCA-ol blind 15th"]
[Site "Ohrid"]
[Date "2017.06.22"]
[Round "4.3"]
[White "Andjic, Borislav"]
[Black "Kishan, Gangolli"]
[Result "0-1"]
[WhiteElo "2122"]
[BlackElo "1964"]
[PlyCount "46"]
[EventDate "2017.06.19"]
[EventType "team-swiss"]
[EventRounds "9"]
[EventCountry "MKD"]
[SourceTitle "CBM 179 Extra"]
[Source "ChessBase"]
[SourceDate "2017.08.23"]
[SourceVersion "1"]
[SourceVersionDate "2017.08.23"]
[SourceQuality "1"]
[WhiteTeam "Montenegro"]
[BlackTeam "India"]
[WhiteTeamCountry "MNE"]
[BlackTeamCountry "IND"]

1. e4 e6 2. Nf3 d5 3. exd5 exd5 4. d4 Nc6 5. Bb5 Bd6 6. 0-0 Nge7 7. h3 0-0 8. c3 Bf5 9. Nh4 Be6 10. Bd3 Ng6 11. Nxg6 fxg6 12. f4 Qd7 13. Na3 a6 14. Bd2 Rf6 15. Rf3 Raf8 16. Qf1 g5 17. f5 Bxf5 18. Bxf5 Rxf5 19. Rxf5 Rxf5 20. Qd3 Qf7 21. Rf1 Rxf1+ 22. Qxf1 Bh2+ 23. Kxh2 Qxf1 0-1